[Event "Aragon-chT Honor GrB"]
[Site "Aragon"]
[Date "2016.02.06"]
[Round "2.19"]
[White "Urgel Varela, Fernando"]
[Black "Ramiro Ovejero, Juan Luis"]
[Result "0-1"]
[WhiteElo "1821"]
[BlackElo "2370"]
[PlyCount "42"]
[EventDate "2016.01.30"]
[EventType "team-tourn"]
[EventRounds "7"]
[EventCountry "ESP"]
[SourceTitle "EXT 2018"]
[Source "ChessBase"]
[SourceDate "2017.10.13"]
[SourceVersion "1"]
[SourceVersionDate "2017.10.13"]
[SourceQuality "1"]
[WhiteTeam "San Jose"]
[BlackTeam "Jaime Casas"]
[WhiteTeamCountry "ESP"]
[BlackTeamCountry "ESP"]

1. f4 g6 2. Nf3 Bg7 3. g3 d5 4. Bg2 c5 5. 0-0 Nc6 6. d3 Nf6 7. c4 0-0 8. a3 dxc4 9. dxc4 Na5 10. Nbd2 Ng4 11. Ne4 Nxc4 12. Qb3 Na5 13. Qb5 Bd7 14. Qd3 c4 15. Qd5 Nb3 16. Rb1 Qb6+ 17. Kh1 Bc6 18. Qxc4 Nxc1 19. Rbxc1 Ne3 20. Qd3 Rfd8 21. Qb1 Nxf1 0-1

[Event "Zaragoza Artistica op"]
[Site "Zaragoza"]
[Date "2013.04.20"]
[Round "3"]
[White "Urgel Varela, Fernando"]
[Black "Roldan Marques, Daniel"]
[Result "1-0"]
[WhiteElo "1836"]
[BlackElo "1613"]
[PlyCount "73"]
[EventDate "2013.04.13"]
[EventType "swiss"]
[EventRounds "9"]
[EventCountry "ESP"]
[SourceTitle "CBM 154 Extra"]
[Source "ChessBase"]
[SourceDate "2013.06.25"]
[SourceVersion "2"]
[SourceVersionDate "2013.06.25"]
[SourceQuality "1"]

1. e4 e5 2. Bc4 Nc6 3. Nc3 Nf6 4. d3 h6 5. f4 d6 6. Nf3 exf4 7. Bxf4 Bg4 8. h3 Bh5 9. g4 Bg6 10. Qd2 a6 11. 0-0-0 Na5 12. e5 Nxc4 13. dxc4 dxe5 14. Qxd8+ Rxd8 15. Rxd8+ Kxd8 16. Nxe5 Bb4 17. Nd5 Nxd5 18. Rd1 Kc8 19. Nxg6 fxg6 20. cxd5 Rf8 21. Be5 Rf7 22. a3 Be7 23. c4 Bf6 24. Bg3 Bg5+ 25. Kc2 Rf3 26. Rd3 Rxd3 27. Kxd3 Kd7 28. b3 Bc1 29. a4 Ba3 30. Be5 Bf8 31. Kd4 g5 32. c5 g6 33. Bh8 Ke8 34. c6 bxc6 35. dxc6 Ba3 36. Kd5 Kf7 37. Be5 1-0

[Event "Aragon-chT Preferente B"]
[Site "Aragon"]
[Date "2013.03.23"]
[Round "9.60"]
[White "Hernandez Montoro, Irene"]
[Black "Urgel Varela, Fernando"]
[Result "0-1"]
[WhiteElo "1579"]
[BlackElo "1836"]
[PlyCount "94"]
[EventDate "2013.01.26"]
[EventType "team"]
[EventRounds "9"]
[EventCountry "ESP"]
[SourceTitle "EXT 2014"]
[Source "ChessBase"]
[SourceDate "2013.11.20"]
[SourceVersion "1"]
[SourceVersionDate "2013.11.20"]
[SourceQuality "1"]
[WhiteTeam "IberCaja III"]
[BlackTeam "San Jose"]
[WhiteTeamCountry "ESP"]
[BlackTeamCountry "ESP"]

1. d4 Nf6 2. Nf3 e6 3. c4 b6 4. Bg5 Bb7 5. e3 Bb4+ 6. Nc3 0-0 7. Rc1 d6 8. a3 Bxc3+ 9. Rxc3 Nbd7 10. Bd3 Qe8 11. 0-0 c5 12. Bf4 e5 13. Bg3 e4 14. Ng5 exd3 15. Bxd6 Ne4 16. Bxf8 Nxc3 17. bxc3 Nxf8 18. Qxd3 f6 19. Nh3 Qe4 20. Qxe4 Bxe4 21. dxc5 bxc5 22. Rd1 Rb8 23. f3 Rb1 24. Rxb1 Bxb1 25. Nf2 Ne6 26. Nd1 Kf8 27. Kf2 Ke7 28. Kg3 Nd8 29. e4 Nc6 30. Kf4 Ne5 31. Nb2 Nd3+ 32. Nxd3 Bxd3 33. e5 Bxc4 34. Ke4 Ke6 35. exf6 gxf6 36. g3 Bb3 37. Kf4 Bc2 38. Ke3 Kd5 39. Kd2 Bb1 40. Kc1 Bg6 41. Kb2 Kc4 42. f4 Bf5 43. a4 a5 44. h4 h5 45. Kc1 Kxc3 46. Kd1 Kb3 47. Kd2 Kb2 0-1